The Town and Country Planning (Flooding) (England) Direction 2007 (Record no. 106205)
[ view plain ]
| 000 -LEADER | |
|---|---|
| fixed length control field | 01341cam a2200241 4500 |
| 001 - CONTROL NUMBER | |
| control field | ##L135775 |
| 008 - FIXED-LENGTH DATA ELEMENTS--GENERAL INFORMATION | |
| fixed length control field | 061211n2006 000 0 eng u |
| 020 ## - INTERNATIONAL STANDARD BOOK NUMBER | |
| International Standard Book Number | 0117539732 |
| -- | 9780117539730 |
| 035 ## - SYSTEM CONTROL NUMBER | |
| System control number | (Sirsi) u135775 |
| 041 0# - LANGUAGE CODE | |
| Language code of text/sound track or separate title | eng |
| 050 04 - LIBRARY OF CONGRESS CALL NUMBER | |
| Classification number | 711.26 $2 18 |
| 110 1# - MAIN ENTRY--CORPORATE NAME | |
| Corporate name or jurisdiction name as entry element | United Kingdom |
| Subordinate unit | Department for Communities and Local Government |
| 9 (RLIN) | 4939 |
| 245 04 - TITLE STATEMENT | |
| Title | The Town and Country Planning (Flooding) (England) Direction 2007 |
| Medium | [electronic resource] |
| 260 ## - PUBLICATION, DISTRIBUTION, ETC. | |
| Place of publication, distribution, etc. | London |
| Name of publisher, distributor, etc. | TSO |
| Date of publication, distribution, etc. | 2006 |
| 490 #0 - SERIES STATEMENT | |
| Series statement | DCLG Circular |
| Volume/sequential designation | 04/2006 |
| 520 ## - SUMMARY, ETC. | |
| Summary, etc. | Introduces a new arrangement to safeguard against cases where local planning authorities have granted planning permission for inappropriate development in flood risk areas, against Environment Agency advice. The Direction requires a local planning authority to inform the SoS of any application for major development in a flood risk area, where it is inclined to grant permission, against advice on flood risk from the Environment Agency. Comes into force 1 January 2007. |
| 590 ## - LOCAL NOTE (RLIN) | |
| Local note | KA NTK |
| 650 24 - SUBJECT ADDED ENTRY--TOPICAL TERM | |
| Topical term or geographic name entry element | DCLG CIRCULAR 04/2006 |
| 651 #4 - SUBJECT ADDED ENTRY--GEOGRAPHIC NAME | |
| Geographic name | England |
| Chronological subdivision | 886- |
| 690 ## - LOCAL SUBJECT ADDED ENTRY--TOPICAL TERM (OCLC, RLIN) | |
| Topical term or geographic name as entry element | ENVIRONMENTAL AND LAND CONSULTANCY-PLANNING AND DEVELOPMENT-PLANNING GUIDANCE |
| 856 40 - ELECTRONIC LOCATION AND ACCESS | |
| Uniform Resource Identifier | <a href="https://www.communities.gov.uk/index.asp?id=1504645">https://www.communities.gov.uk/index.asp?id=1504645</a> |
| Public note | View the Circular free of charge at www.communities.gov.uk... |
| 942 ## - ADDED ENTRY ELEMENTS (KOHA) | |
| Suppress in OPAC | 0 |
| Withdrawn status | Lost status | Source of classification or shelving scheme | Damaged status | Not for loan | Home library | Current library | Shelving location | Date acquired | Total Checkouts | Full call number | Barcode | Date last seen | Copy number | Price effective from | Koha item type |
|---|---|---|---|---|---|---|---|---|---|---|---|---|---|---|---|
| Dewey Decimal Classification | Virtual | Virtual | Online | 11/12/2006 | ONLINE PUBLICATION | 135775-2001 | 06/08/2019 | 1 | 06/08/2019 | Book |